• 首页
  • 本馆介绍
  • 公告通知
  • 最新文献
  • 馆藏检索
  • 电子资源
  • 读者导购
  • 参考咨询
  • 我的图书馆
  • 登录
  • 详细信息显示
  • 放入我的书架
  • 预约/预借图书
  • 作者相关作品
  • 分类相关作品
  • 丛书相关作品
  • 出版社相关作品

书目信息

  • 表格格式
  • 工作单格式
  • 卡片格式
题名:
钳工
    
 
作者: 上海市第一机电工业局工会 编
分册:  
出版信息: 北京   机械工业出版社  1973.06
页数: 408页
开本: 19cm
丛书名:
单 册:
中图分类: TG9
科图分类:
主题词: 钳工--工艺 , 装配--工艺
电子资源:
ISBN:
000 00586nam0 2200205 45
001 0405211596
005 20040521151731.8
010    @dCNY0.85
100    @a20040521d1973 km y0chiy0120 ea
101 0  @achi
105    @a z 000yy
200 1  @a钳工@AQian Gong@f上海市第一机电工业局工会编@FShang Hai Shi Di Yi Ji Dian Gong Ye Ju Gong Hui Bian
210    @a北京@c机械工业出版社@d1973.06
215    @a408页@d19cm
606 0  @a钳工@x工艺
606 0  @a装配@x工艺
690    @aTG9@v3
701  0 @a上海市第一机电工业局工会@4编
801    @aCN@bPftUser@c20040521
905    @f1@b17147@dTG9@e4
    
    钳工/上海市第一机电工业局工会编.-北京:机械工业出版社,1973.06
    408页;19cm
    
    
    ISBN :CNY0.85
    
●
相关链接 在E读中查询图书 在五车中查询图书 在当当中查询图书 在豆瓣中查询图书


正题名:钳工     索取号:TG9/4         预约/预借

序号 登录号 条形码 馆藏地/架位号 状态 备注
1 0017147   001652811   第二样本阅览室/ [索取号:TG9/4] 在馆    
唐山师范学院图书馆 欢迎您!
大连网信软件有限公司© 版权所有